000 00320nam a2200133Ia 4500
005 20251222143232.0
008 251222s9999||||xx |||||||||||||| ||spa||
020 _a978-88-317-9426
082 _a458.37/B17
100 _aBalboni, Paolo E.
245 0 _aImparare le Lingue Straniere
264 _bMarsilio
942 _cLIB
999 _c14255
_d14255